[Event "EWICC 2019"]
[Site "Antalya"]
[Date "2019.04.19"]
[Round "8.12"]
[White "Belenkaya, Dina"]
[Black "Mammadzada, Gunay"]
[Result "1/2-1/2"]
[WhiteElo "2297"]
[BlackElo "2438"]
[Annotator "NA"]
[PlyCount "116"]
[EventDate "2019.04.11"]
[EventType "swiss"]
[EventCountry "TUR"]
[SourceTitle "playchess.com"]
[Source "ChessBase"]
[SourceQuality "1"]

1. e4 c5 2. Nf3 e6 3. g3 d5 4. exd5 exd5 5. Bg2 Qe7+ 6. Qe2 Nc6 7. Nc3 Qxe2+ 8. Kxe2 Nf6 9. Re1 Be6 10. d3 h6 11. Kf1 O-O-O 12. Bd2 Bd6 13. a3 Ng4 14. Rab1 Rhe8 15. h3 Nf6 16. Ne2 a5 17. Nf4 b5 18. Nxe6 fxe6 19. c4 b4 20. h4 Kd7 21. Bh3 d4 22. g4 Nh7 23. Kg2 Nf8 24. h5 g5 25. hxg6 Nxg6 26. Re4 Nce5 27. Nxe5+ Nxe5 28. Bxh6 Nxd3 29. Bg5 Rb8 30. a4 Rf8 31. Re2 Bf4 32. Bh4 Rbe8 33. b3 Kd6 34. Rd1 Ne5 35. f3 Rf7 36. Bf2 Rh8 37. Bxd4 cxd4 38. Rxd4+ Kc5 39. Rxf4 Rxf4 40. Rxe5+ Kd4 41. Rxa5 Rhf8 42. g5 Rxf3 43. Bxe6 Rf2+ 44. Kg3 R8f3+ 45. Kg4 Rxb3 46. Rd5+ Ke4 47. Bf5+ Ke3 48. Re5+ Kd4 49. Rb5 Rg2+ 50. Kh4 Rc3 51. Rxb4 Rcg3 52. c5+ Kxc5 53. Rg4 Rxg4+ 54. Bxg4 Rh2+ 55. Kg3 Ra2 56. g6 Rxa4 57. g7 Ra8 58. Be6 Kd6 1/2-1/2

[Event "EWICC 2019"]
[Site "Antalya"]
[Date "2019.04.19"]
[Round "8.13"]
[White "Mamedjarova, Turkan"]
[Black "Houska, Jovanka"]
[Result "1/2-1/2"]
[WhiteElo "2256"]
[BlackElo "2426"]
[Annotator "NA"]
[PlyCount "110"]
[EventDate "2019.04.11"]
[EventType "swiss"]
[EventCountry "TUR"]
[SourceTitle "playchess.com"]
[Source "ChessBase"]
[SourceQuality "1"]

1. d4 d5 2. c4 e6 3. Nc3 Nf6 4. cxd5 exd5 5. Bg5 Be7 6. e3 O-O 7. Bd3 h6 8. Bh4 c6 9. Qc2 Re8 10. Nge2 Nbd7 11. O-O Nh5 12. Bxe7 Qxe7 13. Bf5 Nb6 14. Bxc8 Nxc8 15. a4 a5 16. Nb1 Nd6 17. Nd2 Nf6 18. Nf4 Nde4 19. Nxe4 dxe4 20. Rfd1 g5 21. Ne2 Nd5 22. Ng3 Qe6 23. Ra3 Qg6 24. Rb3 Re7 25. f3 f5 26. fxe4 fxe4 27. Rf1 Rf8 28. Rxf8+ Kxf8 29. Qc5 b6 30. Rxb6 Nxb6 31. Qxb6 Qe6 32. Qd8+ Kf7 33. Qxa5 Rb7 34. b4 Qd5 35. b5 cxb5 36. h3 Qd6 37. Nf5 Qe6 38. Qa8 Rc7 39. Ng3 b4 40. Qh8 Kg6 41. h4 Rc1+ 42. Kh2 gxh4 43. Ne2 Rf1 44. Nf4+ Rxf4 45. exf4 b3 46. d5 Qxd5 47. Qe8+ Kf5 48. Qh5+ Ke6 49. Qxh6+ Kd7 50. Qb6 Qe6 51. Qb7+ Kd6 52. a5 e3 53. a6 e2 54. Qb4+ Kc7 55. Qb7+ Kd6 1/2-1/2

[Event "EWICC 2019"]
[Site "Antalya"]
[Date "2019.04.19"]
[Round "8.14"]
[White "Fataliyeva, Ulviyya"]
[Black "Salimova, Nurgyul"]
[Result "0-1"]
[WhiteElo "2266"]
[BlackElo "2415"]
[Annotator "NA"]
[PlyCount "88"]
[EventDate "2019.04.11"]
[EventType "swiss"]
[EventCountry "TUR"]
[SourceTitle "playchess.com"]
[Source "ChessBase"]
[SourceQuality "1"]

1. d4 Nf6 2. c4 e6 3. Nc3 Bb4 4. e3 O-O 5. Bd3 d5 6. a3 Be7 7. Nf3 b6 8. O-O Bb7 9. b3 Nbd7 10. Bb2 c5 11. Ne5 cxd4 12. exd4 dxc4 13. Bxc4 a6 14. a4 Bb4 15. Qe2 Re8 16. Rfd1 Nf8 17. Rd3 Ng6 18. Nxg6 hxg6 19. Rad1 Nh5 20. Bc1 Qc7 21. Na2 Bd6 22. Rh3 Qc6 23. f3 e5 24. Nc3 exd4 25. Ne4 Bc8 26. g4 Bxg4 27. fxg4 Rxe4 28. Qf3 Nf4 29. Bxf4 Bxf4 30. Bd3 Rae8 31. Bxe4 Rxe4 32. Rf1 g5 33. Qg2 Qe6 34. Kh1 g6 35. Rd3 Kg7 36. Rdd1 a5 37. Rf3 Re2 38. Rf2 Re4 39. Qf3 Re3 40. Qg2 d3 41. Qf1 Re2 42. Qg2 Qxb3 43. Rxd3 Qxd3 44. Rxe2 Qd1+ 0-1

[Event "EWICC 2019"]
[Site "Antalya"]
[Date "2019.04.19"]
[Round "8.15"]
[White "Guseva, Marina"]
[Black "Zhukova, Natalia"]
[Result "1-0"]
[WhiteElo "2404"]
[BlackElo "2356"]
[Annotator "NA"]
[PlyCount "60"]
[EventDate "2019.04.11"]
[EventType "swiss"]
[EventCountry "TUR"]
[SourceTitle "playchess.com"]
[Source "ChessBase"]
[SourceQuality "1"]

1. d4 d5 2. c4 e6 3. Nc3 c5 4. cxd5 exd5 5. Nf3 Nc6 6. dxc5 d4 7. Na4 Bxc5 8. Nxc5 Qa5+ 9. Bd2 Qxc5 10. Rc1 Qb6 11. e3 Nf6 12. exd4 O-O 13. Bc4 Nxd4 14. O-O Be6 15. b3 Nf5 16. Bxe6 fxe6 17. Qe2 Nd5 18. Rc4 Qa6 19. Re1 Rae8 20. Ra4 Qxe2 21. Rxe2 a6 22. h3 h6 23. Rae4 Rf6 24. Ne5 Nd6 25. Rd4 Rc8 26. Ng4 Rg6 27. Ne5 Rf6 28. Nd7 Rg6 29. Nb6 Rc2 30. Rxd5 Rxa2 1-0

[Event "EWICC 2019"]
[Site "Antalya"]
[Date "2019.04.19"]
[Round "8.16"]
[White "Mkrtchian, Lilit"]
[Black "Sandu, Mihaela"]
[Result "1/2-1/2"]
[WhiteElo "2397"]
[BlackElo "2278"]
[Annotator "NA"]
[PlyCount "93"]
[EventDate "2019.04.11"]
[EventType "swiss"]
[EventCountry "TUR"]
[SourceTitle "playchess.com"]
[Source "ChessBase"]
[SourceQuality "1"]

1. d4 Nf6 2. c4 g6 3. Nc3 Bg7 4. e4 d6 5. h3 O-O 6. Bg5 c5 7. d5 e6 8. Bd3 exd5 9. exd5 Nbd7 10. Nf3 Re8+ 11. Kf1 a6 12. a4 Ne5 13. Nxe5 Rxe5 14. Bf4 Re8 15. g4 Nd7 16. Qd2 Ne5 17. Be2 f5 18. g5 Bd7 19. Kg2 Qb6 20. Rhc1 Nf7 21. Bf1 Re7 22. a5 Qc7 23. Ra3 b6 24. axb6 Qxb6 25. Rca1 Bc8 26. Bg3 Rb8 27. R1a2 Qd8 28. f4 Rb4 29. Bf2 Qe8 30. Bd3 Reb7 31. Rxa6 Rxb2 32. Rxb2 Rxb2 33. Qxb2 Bxa6 34. Qa3 Qc8 35. Qa5 Qb7 36. Nb5 Bxb5 37. Qxb5 Qa8 38. h4 h5 39. Qd7 Bc3 40. Bxf5 gxf5 41. g6 Nh8 42. Qh7+ Kf8 43. Qxh5 Kg7 44. Qh7+ Kf8 45. Qh5 Kg7 46. Qh7+ Kf8 47. Qh5 1/2-1/2

[Event "EWICC 2019"]
[Site "Antalya"]
[Date "2019.04.19"]
[Round "8.17"]
[White "Hernandez Estevez, Yudania"]
[Black "Guichard, Pauline"]
[Result "0-1"]
[WhiteElo "2198"]
[BlackElo "2392"]
[Annotator "TA"]
[PlyCount "68"]
[EventDate "2019.04.11"]
[EventType "swiss"]
[EventCountry "TUR"]
[SourceTitle "playchess.com"]
[Source "ChessBase"]
[SourceQuality "1"]

1. e4 e5 2. Nf3 Nc6 3. Bb5 Nf6 4. O-O Nxe4 5. d4 Nd6 6. Bxc6 dxc6 7. dxe5 Nf5 8. Qxd8+ Kxd8 9. Nc3 Be7 10. Rd1+ Ke8 11. b3 Nh4 12. Nxh4 Bxh4 13. Ne2 a5 14. Be3 Be7 15. h3 h5 16. c4 h4 17. Nd4 a4 18. Nf3 Bf5 19. Nd4 Bc8 20. Nf3 Rh5 21. Bd4 Bf5 22. Re1 Rh6 23. c5 Rg6 24. Kh2 Be6 25. Nd2 Rd8 26. Be3 Bxc5 27. Ne4 Bb4 28. Re2 Bd5 29. f3 Bxe4 30. fxe4 Bc3 31. Rf1 axb3 32. axb3 Bxe5+ 33. Bf4 Rf6 34. Ref2 Rxf4 0-1

[Event "EWICC 2019"]
[Site "Antalya"]
[Date "2019.04.19"]
[Round "8.18"]
[White "Stefanova, Antoaneta"]
[Black "Paramzina, Anastasya"]
[Result "1-0"]
[WhiteElo "2464"]
[BlackElo "2214"]
[Annotator "ChessBase"]
[PlyCount "105"]
[EventDate "2019.04.11"]
[EventType "swiss"]
[EventCountry "TUR"]
[SourceTitle "playchess.com"]
[Source "ChessBase"]
[SourceQuality "1"]

1. e4 c5 2. Nf3 d6 3. d4 cxd4 4. Qxd4 Nc6 5. Qe3 g6 6. Be2 Bg7 7. O-O Nf6 8. Rd1 O-O 9. h3 Bd7 10. c4 Ne8 11. Nc3 Ne5 12. Nxe5 Bxe5 13. f4 Bg7 14. c5 b6 15. cxd6 Nxd6 16. e5 Nf5 17. Qf2 Qe8 18. g4 Nh6 19. f5 Nxf5 20. gxf5 Bxf5 21. Bf4 e6 22. Bb5 Qc8 23. Rac1 a6 24. Bf1 Qb8 25. Rd6 b5 26. Bg2 Ra7 27. Rb6 Qd8 28. Rd1 Rd7 29. Rxd7 Qxd7 30. Rxa6 b4 31. Rd6 Qc7 32. Ne2 Qa5 33. Qd4 g5 34. Bg3 h5 35. h4 g4 36. Rd7 Qb5 37. Kf2 Kh7 38. Rb7 Qa6 39. Qxb4 Rc8 40. Nc3 Qd3 41. Be4 Qd8 42. Qd6 Qa5 43. Bxf5+ exf5 44. Qd5 Qxd5 45. Nxd5 Rc2+ 46. Ke3 Rg2 47. Bf4 g3 48. Kf3 Rc2 49. Bxg3 Rd2 50. Ne3 Bh6 51. Nxf5 Rd3+ 52. Ke4 Rd2 53. Nxh6 1-0

[Event "EWICC 2019"]
[Site "Antalya"]
[Date "2019.04.19"]
[Round "8.19"]
[White "Dzagnidze, Nana"]
[Black "Arakhamia-Grant, Ketevan"]
[Result "1-0"]
[WhiteElo "2513"]
[BlackElo "2360"]
[Annotator "ChessBase"]
[PlyCount "107"]
[EventDate "2019.04.11"]
[EventType "swiss"]
[EventCountry "TUR"]
[SourceTitle "playchess.com"]
[Source "ChessBase"]
[SourceQuality "1"]

1. e4 c5 2. Nf3 e6 3. c3 d5 4. exd5 Qxd5 5. d4 Nf6 6. Na3 Nc6 7. Be3 cxd4 8. Nb5 Qd8 9. Nbxd4 Nxd4 10. Bxd4 Be7 11. Bd3 O-O 12. O-O b6 13. Qc2 h6 14. Rad1 Qe8 15. Rfe1 Bb7 16. Ne5 Rc8 17. f4 Bc5 18. Bxc5 Rxc5 19. b4 Rc7 20. c4 Qe7 21. a3 a5 22. Qb2 axb4 23. axb4 Nh5 24. g3 Ra8 25. Bb1 Nf6 26. f5 exf5 27. Ng6 fxg6 28. Rxe7 Rxe7 29. c5 Rae8 30. Bd3 bxc5 31. bxc5 Kh7 32. Bb5 Re1+ 33. Rxe1 Rxe1+ 34. Kf2 Rh1 35. Ke3 Rxh2 36. Qc1 Be4 37. Kd4 Rh1 38. Qd2 Bf3 39. c6 Nd5 40. Kc5 Nc7 41. Bc4 Ne8 42. Qe3 Bxc6 43. Kxc6 Nf6 44. Kd6 Rd1+ 45. Ke6 Rd8 46. Bb5 Rc8 47. Qe5 Ra8 48. Bc6 Ra6 49. Qb5 Ra3 50. Kf7 Rxg3 51. Kf8 Ra3 52. Qb7 Nh5 53. Qf7 g5 54. Be8 1-0

[Event "EWICC 2019"]
[Site "Antalya"]
[Date "2019.04.19"]
[Round "8.20"]
[White "Girya, Olga"]
[Black "Solozhenkina, Elizaveta"]
[Result "1-0"]
[WhiteElo "2461"]
[BlackElo "2330"]
[Annotator "RC"]
[PlyCount "151"]
[EventDate "2019.04.11"]
[EventType "swiss"]
[EventCountry "TUR"]
[SourceTitle "playchess.com"]
[Source "ChessBase"]
[SourceQuality "1"]

1. d4 Nf6 2. c4 e6 3. Nf3 d5 4. Bg5 Bb4+ 5. Nbd2 dxc4 6. e3 b5 7. a3 Bxd2+ 8. Nxd2 Bb7 9. b3 c3 10. Nb1 a6 11. Nxc3 Nbd7 12. b4 h6 13. Bh4 Qe7 14. Rc1 e5 15. d5 c6 16. dxc6 Bxc6 17. e4 g5 18. Bg3 Nxe4 19. Nxe4 Bxe4 20. h4 Rg8 21. hxg5 hxg5 22. Rh6 Bg6 23. Qd5 Rd8 24. Be2 Kf8 25. Qb7 Kg7 26. Rxg6+ fxg6 27. Bg4 Rgf8 28. Rc7 Rf7 29. Qxa6 Nb8 30. Qxb5 Qe8 31. Qxe5+ Kf8 32. Rxf7+ Kxf7 33. Qxe8+ Kxe8 34. b5 Nd7 35. Bc7 Ra8 36. b6 Nxb6 37. Bxb6 Rxa3 38. Be3 Ra5 39. Ke2 Kf7 40. Kf3 Kf6 41. Kg3 Kg7 42. Bd1 Rb5 43. Bc2 Ra5 44. Kg4 Kh6 45. Be4 Re5 46. Bc6 Rf5 47. Bd7 Rd5 48. Bc8 Ra5 49. Kf3 Ra4 50. Ke2 Ra3 51. Be6 Ra6 52. Bc4 Ra3 53. Kd2 Kh5 54. Kc2 Kh6 55. Bb3 Ra8 56. Kd3 Re8 57. Kd4 Kh5 58. Kd5 Re7 59. Kd6 Re4 60. Be6 Ra4 61. Ke7 Ra5 62. g4+ Kh6 63. Kf6 Rb5 64. Bf7 Ra5 65. Bc4 Kh7 66. Bxg5 Ra4 67. Be6 Ra6 68. Be3 Rc6 69. Bd4 Ra6 70. f4 Ra4 71. Be5 Ra6 72. f5 gxf5 73. g5 Ra8 74. g6+ Kh6 75. Bf4+ Kh5 76. g7 1-0

[Event "EWICC 2019"]
[Site "Antalya"]
[Date "2019.04.19"]
[Round "8.21"]
[White "Batsiashvili, Nino"]
[Black "Gevorgyan, Maria"]
[Result "0-1"]
[WhiteElo "2453"]
[BlackElo "2256"]
[Annotator "RC"]
[PlyCount "114"]
[EventDate "2019.04.11"]
[EventType "swiss"]
[EventCountry "TUR"]
[SourceTitle "playchess.com"]
[Source "ChessBase"]
[SourceQuality "1"]

1. c4 c5 2. Nf3 Nf6 3. Nc3 Nc6 4. d4 cxd4 5. Nxd4 g6 6. e4 Nxd4 7. Qxd4 d6 8. Be2 Bg7 9. Be3 O-O 10. Qd2 a5 11. O-O a4 12. Rad1 Qa5 13. Bd4 Be6 14. Qe3 Nd7 15. Nd5 Bxd5 16. exd5 Rfe8 17. Bxg7 Kxg7 18. Rd4 Qb6 19. Qd2 Qa5 20. Qc1 Rac8 21. Rh4 Nf8 22. Rh3 Rc7 23. Qf4 Qb4 24. b3 Ra8 25. Rf3 f6 26. h4 axb3 27. axb3 Ra2 28. Re3 Rb2 29. Qg3 b6 30. h5 Ra7 31. Bg4 Kf7 32. Qh3 Qd2 33. hxg6+ hxg6 34. Qh4 Rc2 35. Qg3 Rc1 36. Rxc1 Qxc1+ 37. Kh2 Ra1 38. Qf4 Qh1+ 39. Kg3 g5 40. Qf5 Qh4+ 41. Kf3 Ng6 42. Qe6+ Kg7 43. Qd7 Ra2 44. Rxe7+ Nxe7 45. Qxe7+ Kg6 46. Qe3 Rb2 47. b4 Kh6 48. Qd4 Rb3+ 49. Ke2 Kg7 50. Qe4 Qh8 51. Qe7+ Kg6 52. Qxd6 Qa8 53. g3 Qa2+ 54. Kf1 Qb1+ 55. Kg2 Qe4+ 56. Kh2 Rb1 57. f3 Qe2+ 0-1

[Event "EWICC 2019"]
[Site "Antalya"]
[Date "2019.04.19"]
[Round "8.22"]
[White "Hoang, Thanh Trang"]
[Black "Doluhanova, Evgeniya"]
[Result "1/2-1/2"]
[WhiteElo "2435"]
[BlackElo "2339"]
[Annotator "NA"]
[PlyCount "102"]
[EventDate "2019.04.11"]
[EventType "swiss"]
[EventCountry "TUR"]
[SourceTitle "playchess.com"]
[Source "ChessBase"]
[SourceQuality "1"]

1. d4 Nf6 2. Nf3 b6 3. e3 Bb7 4. Bd3 g6 5. O-O Bg7 6. c4 O-O 7. Nc3 d5 8. cxd5 Nxd5 9. Nxd5 Qxd5 10. e4 Qd7 11. Be3 Nc6 12. Qa4 Rfd8 13. d5 Ne5 14. Qxd7 Nxd7 15. Rac1 Rac8 16. b4 c6 17. dxc6 Rxc6 18. Rxc6 Bxc6 19. Rc1 Ne5 20. Nxe5 Bxe5 21. Rxc6 Rxd3 22. g3 Kg7 23. Kg2 Bd4 24. Bf4 Ra3 25. Rc2 a6 26. Bg5 f6 27. Bd2 Kf7 28. Kf1 Ke8 29. Ke2 Kd7 30. Be1 h5 31. Bd2 e5 32. f3 f5 33. exf5 gxf5 34. h3 b5 35. Bc1 Rc3 36. Rxc3 Bxc3 37. a3 Ke6 38. g4 fxg4 39. fxg4 hxg4 40. hxg4 e4 41. Bh6 Bb2 42. Kd2 Kd5 43. Kc2 Bd4 44. Kd2 Kc4 45. g5 Kd5 46. g6 Ke6 47. Bf8 Kf6 48. g7 Kf7 49. Ke2 Bb2 50. Ke3 Bxa3 51. Kxe4 Bxb4 1/2-1/2

[Event "EWICC 2019"]
[Site "Antalya"]
[Date "2019.04.19"]
[Round "8.23"]
[White "Khukhashvili, Sopiko"]
[Black "Arabidze, Meri"]
[Result "0-1"]
[WhiteElo "2342"]
[BlackElo "2399"]
[Annotator "NA"]
[PlyCount "122"]
[EventDate "2019.04.11"]
[EventType "swiss"]
[EventCountry "TUR"]
[SourceTitle "playchess.com"]
[Source "ChessBase"]
[SourceQuality "1"]

1. e4 c5 2. Nf3 e6 3. c4 Nc6 4. Nc3 Nd4 5. g3 Ne7 6. Bg2 Nec6 7. O-O g6 8. Ne1 Bg7 9. f4 d6 10. d3 a6 11. Rb1 O-O 12. g4 f5 13. exf5 gxf5 14. g5 Rb8 15. Nc2 b5 16. Ne3 Bb7 17. Ne2 Nxe2+ 18. Qxe2 Nd4 19. Qf2 Qd7 20. Bd2 bxc4 21. Nxc4 e5 22. Rbe1 e4 23. Qg3 Rbe8 24. Bc3 Re7 25. dxe4 Bxe4 26. Bxe4 fxe4 27. Kh1 Qe6 28. Ne3 Nf5 29. Nxf5 Rxf5 30. Bxg7 Rxg7 31. Qe3 Re7 32. b3 Rd5 33. Rd1 Rxd1 34. Rxd1 d5 35. Qxc5 e3 36. Re1 Qe4+ 37. Kg1 d4 38. Qc4+ Kg7 39. Qxa6 Qxf4 40. Qh6+ Kg8 41. Rf1 Qg4+ 42. Kh1 Qe4+ 43. Kg1 Re8 44. Qf6 Qe5 45. Qf7+ Kh8 46. Rf5 Qxf5 47. Qxe8+ Kg7 48. Qe7+ Kg6 49. Qd6+ Kh5 50. Qh6+ Kg4 51. Qf6 Qxg5 52. Qf1 d3 53. a4 Kh5+ 54. Kh1 Qd5+ 55. Kg1 Qg5+ 56. Kh1 Qd5+ 57. Kg1 d2 58. Qd1+ Kg5 59. Kf1 Qd3+ 60. Kg2 e2 61. Qa1 Qe4+ 0-1

[Event "EWICC 2019"]
[Site "Antalya"]
[Date "2019.04.19"]
[Round "8.24"]
[White "Osmak, Iulija"]
[Black "Babiy, Olga"]
[Result "1/2-1/2"]
[WhiteElo "2399"]
[BlackElo "2289"]
[Annotator "NA"]
[PlyCount "102"]
[EventDate "2019.04.11"]
[EventType "swiss"]
[EventCountry "TUR"]
[SourceTitle "playchess.com"]
[Source "ChessBase"]
[SourceQuality "1"]

1. e4 c5 2. Nf3 e6 3. d4 cxd4 4. Nxd4 Nc6 5. Nc3 Qc7 6. f4 a6 7. Nxc6 Qxc6 8. Bd3 b5 9. Qe2 Bb7 10. Bd2 Bc5 11. a3 Ne7 12. O-O-O O-O 13. g4 b4 14. axb4 Bxb4 15. f5 Qc5 16. Rhf1 Nc6 17. f6 g6 18. Kb1 Rfb8 19. Na4 Qa5 20. Bxb4 Qxb4 21. Qe3 Ne5 22. Qh6 Qf8 23. Qxf8+ Rxf8 24. g5 Rac8 25. b3 h5 26. Kb2 Rc7 27. Rf2 Rb8 28. Nc3 Rbc8 29. Na4 Kf8 30. Ra1 Ke8 31. Re2 d6 32. Nb6 Rb8 33. Nc4 Nxc4+ 34. Bxc4 Rc5 35. Bxa6 Rxg5 36. Bxb7 Rxb7 37. Rd2 d5 38. c4 Re5 39. exd5 exd5 40. cxd5 Re3 41. Ra3 Kd7 42. Rf2 Kd6 43. Rd2 Rb6 44. Kc2 Rf3 45. Ra7 Rxf6 46. Rd3 g5 47. Kc3 Rf4 48. Ra8 Rfb4 49. Kc2 Rf4 50. Kc3 Rfb4 51. Kc2 Rf4 1/2-1/2

[Event "EWICC 2019"]
[Site "Antalya"]
[Date "2019.04.19"]
[Round "8.25"]
[White "Milliet, Sophie"]
[Black "Sargsyan, Anna M."]
[Result "1-0"]
[WhiteElo "2394"]
[BlackElo "2327"]
[Annotator "NA"]
[PlyCount "79"]
[EventDate "2019.04.11"]
[EventType "swiss"]
[EventCountry "TUR"]
[SourceTitle "playchess.com"]
[Source "ChessBase"]
[SourceQuality "1"]

1. e4 c6 2. d4 d5 3. e5 Bf5 4. Nf3 e6 5. Be2 Nd7 6. O-O h6 7. Nbd2 Ne7 8. c3 Qc7 9. a4 a5 10. b3 g5 11. Re1 Bg6 12. Nf1 c5 13. dxc5 Nc6 14. Ba3 Bxc5 15. Bxc5 Nxc5 16. Ne3 O-O 17. h4 Nxe5 18. hxg5 Nxf3+ 19. Bxf3 hxg5 20. Bh5 Bxh5 21. Qxh5 f6 22. b4 Ne4 23. f3 Nd6 24. Ng4 e5 25. Nxe5 Qg7 26. Nd3 Qf7 27. Qg4 Nc4 28. Qd4 Kg7 29. f4 g4 30. f5 Qh5 31. Nf4 Qxf5 32. Ne6+ Kg6 33. Nxf8+ Rxf8 34. Rad1 Ne5 35. Qxd5 Re8 36. Rf1 Qg5 37. Qd2 Qh4 38. Qf4 Rh8 39. Rd6 Nf3+ 40. gxf3 1-0

[Event "EWICC 2019"]
[Site "Antalya"]
[Date "2019.04.19"]
[Round "8.26"]
[White "Matnadze, Ana"]
[Black "Ghukasyan, Siranush"]
[Result "1-0"]
[WhiteElo "2367"]
[BlackElo "2201"]
[Annotator "NA RC"]
[PlyCount "53"]
[EventDate "2019.04.11"]
[EventType "swiss"]
[EventCountry "TUR"]
[SourceTitle "playchess.com"]
[Source "ChessBase"]
[SourceQuality "1"]

1. Nf3 d5 2. g3 Bg4 3. Bg2 Nd7 4. c4 e6 5. Qb3 Nc5 6. Qc2 Nf6 7. O-O c6 8. d4 Ncd7 9. Nc3 Be7 10. Qb3 Qc8 11. Nd2 O-O 12. e4 dxe4 13. Ndxe4 Rd8 14. Be3 Qc7 15. Rfe1 Nxe4 16. Nxe4 a5 17. Bf4 Qc8 18. Bd6 Bxd6 19. Nxd6 Qc7 20. c5 b6 21. h3 Bh5 22. Rac1 Rab8 23. Qa3 b5 24. g4 Bg6 25. Qf3 Nf6 26. Qxc6 Qxc6 27. Bxc6 1-0

[Event "EWICC 2019"]
[Site "Antalya"]
[Date "2019.04.19"]
[Round "8.27"]
[White "Mamedjarova, Zeinab"]
[Black "Ovod, Evgenija"]
[Result "0-1"]
[WhiteElo "2280"]
[BlackElo "2367"]
[Annotator "NA"]
[PlyCount "80"]
[EventDate "2019.04.11"]
[EventType "swiss"]
[EventCountry "TUR"]
[SourceTitle "playchess.com"]
[Source "ChessBase"]
[SourceQuality "1"]

1. d4 d6 2. Nf3 f5 3. g3 Nf6 4. Bg2 g6 5. O-O Bg7 6. c4 O-O 7. Nc3 Qe8 8. Re1 Qf7 9. b3 Ne4 10. Qc2 Nc6 11. Be3 Nxc3 12. Qxc3 e5 13. Rad1 f4 14. gxf4 exf4 15. Bc1 g5 16. Nxg5 Qg6 17. Nf3 Nxd4 18. Rxd4 c5 19. Kh1 cxd4 20. Nxd4 Bf5 21. Bd5+ Kh8 22. Rg1 Be4+ 23. f3 Qf6 24. Bxe4 Qxd4 25. Qxd4 Bxd4 26. Rd1 Be5 27. Bxb7 Rae8 28. Be4 Rf6 29. e3 Ree6 30. Rd5 Kg7 31. Ra5 Re7 32. b4 Kf8 33. b5 Rc7 34. Bd5 Rg6 35. Be4 Rxc4 36. Bd2 Rg7 37. Ra3 fxe3 38. Bxe3 Bd4 39. h4 Bxe3 40. Rxe3 d5 0-1

[Event "EWICC 2019"]
[Site "Antalya"]
[Date "2019.04.19"]
[Round "8.28"]
[White "Olsarova, Karolina"]
[Black "Narva, Mai"]
[Result "1/2-1/2"]
[WhiteElo "2264"]
[BlackElo "2365"]
[Annotator "NA"]
[PlyCount "95"]
[EventDate "2019.04.11"]
[EventType "swiss"]
[EventCountry "TUR"]
[SourceTitle "playchess.com"]
[Source "ChessBase"]
[SourceQuality "1"]

1. e4 c5 2. Nf3 e6 3. d4 cxd4 4. Nxd4 Nc6 5. Nc3 Qc7 6. Be3 a6 7. a3 b5 8. Nxc6 Qxc6 9. Bd3 Bb7 10. Qe2 Rc8 11. O-O Nf6 12. Rae1 Be7 13. f4 O-O 14. Kh1 d5 15. e5 Ne4 16. Bd4 b4 17. axb4 Bxb4 18. Qh5 Qe8 19. Qg4 g6 20. Qh4 Nxc3 21. bxc3 Bxc3 22. Bxc3 Rxc3 23. Re3 d4 24. Rh3 h5 25. Rg3 Kh7 26. Qxh5+ Kg7 27. Qg4 Rh8 28. h3 a5 29. Rb1 Bd5 30. Kh2 Qe7 31. f5 exf5 32. Qxd4 Qc5 33. Qf4 Be6 34. Rb5 Qc7 35. Qg5 Rb8 36. Qf6+ Kh7 37. Rxb8 Qxb8 38. Bxf5 Rxg3 39. Bxe6 Re3 40. Qxf7+ Kh8 41. Qf6+ Kh7 42. Qe7+ Kh8 43. Qh4+ Kg7 44. Qf6+ Kh7 45. Bg8+ Qxg8 46. Qh4+ Kg7 47. Qf6+ Kh7 48. Qh4+ 1/2-1/2

[Event "EWICC 2019"]
[Site "Antalya"]
[Date "2019.04.19"]
[Round "8.29"]
[White "Shuvalova, Polina"]
[Black "Garifullina, Leya"]
[Result "1-0"]
[WhiteElo "2457"]
[BlackElo "2085"]
[Annotator "RC"]
[PlyCount "71"]
[EventDate "2019.04.11"]
[EventType "swiss"]
[EventCountry "TUR"]
[SourceTitle "playchess.com"]
[Source "ChessBase"]
[SourceQuality "1"]

1. e4 e6 2. d4 d5 3. Nc3 Bb4 4. e5 c5 5. a3 Bxc3+ 6. bxc3 Ne7 7. a4 Qc7 8. Nf3 b6 9. Bb5+ Bd7 10. Bd3 Nbc6 11. O-O h6 12. Re1 Na5 13. Nh4 g5 14. Nf3 c4 15. Be2 Ng6 16. h3 O-O-O 17. Nh2 f5 18. exf6 Rdf8 19. Bh5 Nf4 20. Bxf4 gxf4 21. Ng4 Nc6 22. f7 Qd8 23. Ne5 Nxe5 24. Rxe5 Rh7 25. Qc1 Rhxf7 26. Bxf7 Rxf7 27. f3 a5 28. Rb1 Qc7 29. Qa3 Qc6 30. Rb2 Kc7 31. Re1 Rf5 32. Reb1 Qxa4 33. Qe7 Rg5 34. Rxb6 Rxg2+ 35. Kxg2 Qxc2+ 36. Kh1 1-0

[Event "EWICC 2019"]
[Site "Antalya"]
[Date "2019.04.19"]
[Round "8.30"]
[White "Osmanodja, Filiz"]
[Black "Buksa, Nataliya"]
[Result "1-0"]
[WhiteElo "2292"]
[BlackElo "2407"]
[Annotator "NA"]
[PlyCount "81"]
[EventDate "2019.04.11"]
[EventType "swiss"]
[EventCountry "TUR"]
[SourceTitle "playchess.com"]
[Source "ChessBase"]
[SourceQuality "1"]

1. e4 e5 2. Nf3 Nc6 3. Bb5 a6 4. Ba4 Nf6 5. O-O b5 6. Bb3 Be7 7. Re1 d6 8. c3 O-O 9. h3 Bb7 10. d4 Re8 11. Ng5 Rf8 12. Nf3 Nd7 13. d5 Na5 14. Bc2 c6 15. dxc6 Bxc6 16. Nbd2 Qc7 17. Nf1 Nc4 18. Ng3 Rfe8 19. Nf5 Bf8 20. a4 Ncb6 21. a5 Nc4 22. b4 Qb7 23. Nd2 Nxd2 24. Qxd2 Nf6 25. Qg5 Re6 26. Qh4 d5 27. exd5 Bxd5 28. Bg5 e4 29. Rad1 Rae8 30. Ne3 Bc6 31. Bb3 Re5 32. Bxf6 gxf6 33. Ng4 Rf5 34. Nxf6+ Rxf6 35. Qxf6 Bg7 36. Qg5 h6 37. Qh4 Bxc3 38. Re3 Bg7 39. Rg3 Qe7 40. Qxh6 Qe5 41. Qxc6 1-0

[Event "EWICC 2019"]
[Site "Antalya"]
[Date "2019.04.19"]
[Round "8.31"]
[White "Calzetta Ruiz, Monica"]
[Black "Melia, Salome"]
[Result "1/2-1/2"]
[WhiteElo "2283"]
[BlackElo "2393"]
[Annotator "NA"]
[PlyCount "125"]
[EventDate "2019.04.11"]
[EventType "swiss"]
[EventCountry "TUR"]
[SourceTitle "playchess.com"]
[Source "ChessBase"]
[SourceQuality "1"]

1. e4 g6 2. d4 Bg7 3. Nc3 d6 4. Be3 c6 5. a4 Nf6 6. h3 O-O 7. Nf3 Nbd7 8. a5 Qc7 9. Be2 e5 10. dxe5 dxe5 11. O-O Rd8 12. Qc1 Nf8 13. Rd1 Rxd1+ 14. Qxd1 Ne6 15. Bc4 Bf8 16. Ng5 Nxg5 17. Bxg5 Be7 18. Qf3 Kg7 19. Nd1 h6 20. Bd2 Rb8 21. Qe3 g5 22. h4 Ng4 23. Qxa7 gxh4 24. f3 Nf6 25. Qe3 Ng8 26. Bc3 Bf6 27. Nf2 Ne7 28. Rd1 Ng6 29. Qa7 Be7 30. Nd3 Bd6 31. f4 Bg4 32. Rf1 f6 33. f5 Nf8 34. Qf2 Nh7 35. Qxh4 h5 36. Re1 Ng5 37. Nf4 Rh8 38. Qxg5+ fxg5 39. Ne6+ Kf6 40. Nxc7 Bxc7 41. b4 h4 42. Be2 Bxe2 43. Rxe2 g4 44. Rd2 Rh7 45. Rd3 g3 46. Bd2 Rg7 47. Kf1 Ke7 48. Be3 Rg4 49. Bc5+ Ke8 50. Re3 Bd8 51. Re2 Rg7 52. Rd2 Rg4 53. Re2 Rg7 54. Bd6 Bf6 55. c4 Rd7 56. c5 Rg7 57. Kg1 Rg8 58. Ra2 Rg4 59. Re2 Rg8 60. Rb2 Rg4 61. Re2 Rg8 62. Rb2 Rg4 63. Re2 1/2-1/2